000 00756nam a2200229Ia 4500
003 GCL
008 140319s9999 xx 000 0 ara d
040 _aGCL /
_cGCL
082 0 4 _a412
_bت ف
100 1 _aعبدالحفيظ شلبى
245 1 0 _aفقه اللغة وسر العربية /
_cعبدالحفيظ شلبى
700 1 _aمصطفى السقا
700 1 _aالثعالبى : ابومنصور عبدالملك بن محمد بن اسماعيل النيسابورى
700 1 _aابراهيم الابيارى
260 _a[S.N] :
_bدار الكتب المصرية ،
_c1938
300 _a420 ص
490 _a
650 0 4 _aالاشتقاق
650 0 4 _aاللغة العربية
650 0 4 _aالفاظ
942 _2ddc
_cBK
999 _c59046
_d59046